Production and Operations Mgt. (Record no. 3172)

MARC details
000 -LEADER
fixed length control field 00370nam a22001577a 4500
005 - DATE AND TIME OF LATEST TRANSACTION
control field 20211022104544.0
008 - FIXED-LENGTH DATA ELEMENTS--GENERAL INFORMATION
fixed length control field 160618b xxu||||| |||| 00| 0 eng d
041 ## - LANGUAGE CODE
Language code of text/sound track or separate title eng
082 ## - DEWEY DECIMAL CLASSIFICATION NUMBER
Item number 8266
100 ## - MAIN ENTRY--AUTHOR NAME
Personal name Chunawalla S A & Patel D.R.
245 ## - TITLE STATEMENT
Title Production and Operations Mgt.
260 ## - PUBLICATION, DISTRIBUTION, ETC. (IMPRINT)
Name of publisher HPH
Year of publication 2009
300 ## - PHYSICAL DESCRIPTION
Number of Pages 662
650 ## - SUBJECT ADDED ENTRY--TOPICAL TERM
Topical Term Management
942 ## - ADDED ENTRY ELEMENTS (KOHA)
Koha item type Books
Holdings
Lost status Damaged status Collection code Home library Current library Shelving location Date acquired Cost, normal purchase price Full call number Accession Number Koha item type
    MANAGEMENT JRU Library   SHELF- 68 B 18/06/2016 395.00 8266 8266 Books
    MANAGEMENT JRU Library   SHELF- 68 B 18/06/2016 395.00 8266 8267 Books
    MANAGEMENT JRU Library   SHELF- 68 B 18/06/2016 395.00 8266 8268 Books
    MANAGEMENT JRU Library   SHELF- 68 B 18/06/2016 395.00 8266 8269 Books